| 000 | 00784nam a2200217 4500 | ||
|---|---|---|---|
| 003 | CO-ViMGA | ||
| 020 | _a9789581414659 | ||
| 040 |
_aCO-ViMGA _bspa _cCO-ViMGA |
||
| 090 | _aC HUT1 | ||
| 100 | 1 |
_aHutchings, Axelle, _d1973- _98507 |
|
| 245 | 1 | 0 |
_aCuentos y leyendas de los hebreos : _bun pueblo de Oriente Medio / _cAxelle Hutchings. |
| 260 |
_aBogotá : _bPlaza & Janés, _c2016. |
||
| 300 |
_a64 páginas ; _b25 cm. |
||
| 490 | _aPlan Nacional de Lectura y Escritura Leer es mi Cuento / Ministerio de Cultura | ||
| 650 | 1 | 4 |
_aCuentos juveniles hebreos _98508 |
| 650 | 1 | 4 |
_aCuentos juveniles israelíes _98509 |
| 650 | 1 | 4 |
_aJudíos en la literatura _98510 |
| 650 | 1 | 4 |
_aSabiduría en la literatura _98511 |
| 700 | 1 |
_apetit, Aurore, _d1981-, _eilustrador _98512 |
|
| 942 |
_2ddc _cBK |
||
| 999 |
_c7558 _d7558 |
||